| 000 | 00646nam a22002057a 4500 | ||
|---|---|---|---|
| 999 |
_c14044 _d14044 |
||
| 003 | AR-CdUCM | ||
| 008 | 190417b ||||| |||| 00| 0 spa d | ||
| 020 | _a9789972592775 | ||
| 040 |
_aMUNICIPALIDAD PROVINCIAL DEL CUSCO _cBIBLIOTECA MUNICIPAL DEL CUSCO |
||
| 082 |
_aPI/803/C75 _bC75 |
||
| 110 |
_aCorporación gráfica Navarrete. _944641 |
||
| 245 | _aColmillo blanco / | ||
| 260 |
_aLima : _bCorporación gráfica Navarrete, _c2009. |
||
| 300 |
_a95 páginas ; _c19 cm. |
||
| 440 |
_aColección ruiseñor. _929353 |
||
| 505 | _aContenido :Colmillo blanco. | ||
| 650 |
_aCuentos _944642 |
||
| 942 |
_2ddc _cLIBROS |
||
| 945 |
_arum _d2019-04-25 |
||